Kĩ thuật nghiệp vụ ngoại thương

שמור ב:
מידע ביבליוגרפי
מחבר ראשי: Không rõ
פורמט: ספר
שפה:Vietnamese
יצא לאור: Sunshine 2002
תגים: הוספת תג
אין תגיות, היה/י הראשונ/ה לתייג את הרשומה!
Thư viện lưu trữ: Mạng thư viện Đại học Đà Nẵng
LEADER 00620nam a2200277 4500
001 000025444
003 1014
005 20150325120000.0
008 150325s vm 000 vie
020 |c 0,0000 
040 |a notts 
100 |a Không rõ 
245 |a Kĩ thuật nghiệp vụ ngoại thương 
260 |b Sunshine  |c 2002 
300 |a 369tr. ; 
OWN |a LTT 
999 |a From the UDN01 
TYP |a Monograph 
TYP |a Printed language 
980 |a Mạng thư viện Đại học Đà Nẵng